000 00743cab a2200241 4500
001 WB2905-62
008 090401t1993 xxu||||| |||| 00| 0 eng d
035 _a(Sirsi) u43219
041 _aeng
100 _aBrown, Nigel
245 _aMortgage case
260 _c1993
350 _a0
490 _aCSW - The Property Week
_v42(5) 4 February 1993, 64(1)
520 _aDiscusses "Palk v Mortgage Services Funding" (WB2832-59) in which a couple were allowed to sell their house against the wishes of the mortgage company.
650 _aLAW OF PROPERTY ACT 1925 S91(2)
650 _aMORTGAGE LENDERS
650 _aMORTGAGES
650 _aNEGATIVE EQUITY
690 _aPROPERTY LAW AND PRACTICE
942 _n0
948 _c04/03/1997
999 _c27627
_d27627